Skyrim V: The Elder Scrolls - Statistics

General Stats
  • This quiz has been taken 1,942 times
  • The average score is 12 of 15
Answer Stats
Question Answer % Correct
The eldest dragon that comes back; "The World-Eater" Alduin
96%
What is the name of the player controlled character that absorbs dragon souls Dragonborn
94%
What is the name of the group of men that live in isolation at High Hrothgar Greybeards
94%
Who is the leader of the Rebellion? Ulfric Stormcloak
94%
The name of the shout "Fus Ro Dah" Unrelenting Force
86%
Northernmost hold Winterhold
84%
Who is the leader of the Legion? General Tullius
82%
Member of the Blades, found in the Sleeping Giant Inn in Riverwood Delphine
81%
Best type of armor and weapons Daedric
80%
Name the third district of Whiterun. Plain District, Wind District, ______________ Cloud District
78%
Old leader of the Thieves Guild that betrays them Mercer Frey
78%
Shout that lets you travel a short distance quickly Whirlwind Sprint
73%
The 5th greybeard; also a dragon Paarthurnax
72%
Member of the Blades, found in the Ratway under Riften Esbern
67%
The Thalmor woman who throws a party at the Thalmor Embassy Elenwen
44%
No matching quizzes found
Score Distribution
Percent of People with Each Score
Percentile by Number Answered
Your Score History
You have not taken this quiz